Estatísticas para FF músicas

Clique aqui para jogar o quiz

Estatísticas Gerais

  • Esse quiz foi jogado 8 vezes
  • A pontuação média é 3 de 12

Estatísticas das Respostas

HintResposta% Correto
2.O meu Verão não Acabou
63%
4.Aqui sem Ti
38%
12.O jogo Recomeça
38%
7.O que é bom é para se Ver
38%
11.Eu Aqui
25%
9.Sem estares Aqui
25%
1.Tudo o que Quero
25%
8.Sei que sou Capaz
13%
6.Mostrar-te quem Sou
0%
10.Salta para outro Lugar
0%
3.Talvez um Dia
0%
5.Tu és quem eu já Amei
0%

Distribuição das Pontuações

Percentil de Números Respondidos

Porcentagem de Pessoas com Cada Pontuação

Sua Pontuação Histórica

Você não jogou esse quiz